BIBLIOTECA

SENCICO

Geología aplicada a la ingeniería civil (Registro nro. 709)

Detalles MARC
000 -LEADER
fixed length control field 00603nam a2200241Ia 4500
005 - DATE AND TIME OF LATEST TRANSACTION
control field 20251020182446.0
008 - FIXED-LENGTH DATA ELEMENTS--GENERAL INFORMATION
fixed length control field 200515s9999 xx 000 0 und d
020 ## - INTERNATIONAL STANDARD BOOK NUMBER
International Standard Book Number 968-18-4634-6
082 ## - DEWEY DECIMAL CLASSIFICATION NUMBER
Classification number 550.8/R93
100 ## - MAIN ENTRY--PERSONAL NAME
Personal name González Huesca, Silvia
100 ## - MAIN ENTRY--PERSONAL NAME
Personal name Ruiz Vásquez, Mariano
245 #0 - TITLE STATEMENT
Title Geología aplicada a la ingeniería civil
260 ## - PUBLICATION, DISTRIBUTION, ETC.
Place of publication, distribution, etc. México, D.F.
260 ## - PUBLICATION, DISTRIBUTION, ETC.
Name of publisher, distributor, etc. LIMUSA ; NORIEGA EDITORES
260 ## - PUBLICATION, DISTRIBUTION, ETC.
Date of publication, distribution, etc. 2002
300 ## - PHYSICAL DESCRIPTION
Extent 255 p.
300 ## - PHYSICAL DESCRIPTION
Other physical details il., tbl., graf.
500 ## - GENERAL NOTE
General note 1 ejemplar
650 ## - SUBJECT ADDED ENTRY--TOPICAL TERM
Topical term or geographic name entry element GEOLOGIA
650 ## - SUBJECT ADDED ENTRY--TOPICAL TERM
Topical term or geographic name entry element INGENIERIA CIVIL
942 ## - ADDED ENTRY ELEMENTS (KOHA)
Koha item type Libros
Existencias
Fecha de la última vez que lo usaron Pago total Signatura topográfica completa Código de barras Precio efectivo desde Tipo de documento Estado perdido Estado dañado No es para préstamo Retirado Ubicación permanente Ubicación actual Fecha de adquisición
15/05/2020   550.8/R93 Bib-Lima15050709 15/05/2020 Libros         Biblioteca Central Lima Biblioteca Central Lima 15/05/2020